Impact Engineering of Composite Structures (Record no. 327007)
[ view plain ]
| 000 -LEADER | |
|---|---|
| fixed length control field | 00424 a2200157 4500 |
| 001 - CONTROL NUMBER | |
| control field | 91934 |
| 020 ## - INTERNATIONAL STANDARD BOOK NUMBER | |
| International Standard Book Number | 9783709011116 |
| 082 ## - DEWEY DECIMAL CLASSIFICATION NUMBER | |
| Classification number | 620.118 ABR |
| 090 ## - LOCALLY ASSIGNED LC-TYPE CALL NUMBER (OCLC); LOCAL CALL NUMBER (RLIN) | |
| -- | 43882 |
| -- | 43881 |
| 100 ## - MAIN ENTRY--PERSONAL NAME | |
| Personal name | Serge Abrate |
| 245 ## - TITLE STATEMENT | |
| Title | Impact Engineering of Composite Structures |
| Statement of responsibility, etc. | Abrate, Serge |
| 260 ## - PUBLICATION, DISTRIBUTION, ETC. | |
| Place of publication, distribution, etc. | USA |
| Name of publisher, distributor, etc. | Sppringer Wien |
| Date of publication, distribution, etc. | 2011 |
| 300 ## - PHYSICAL DESCRIPTION | |
| Extent | viii, 403 |
| Other physical details | Pb |
| 500 ## - GENERAL NOTE | |
| General note | DOS textbook |
| 610 ## - SUBJECT ADDED ENTRY--CORPORATE NAME | |
| Corporate name or jurisdiction name as entry element | CISM courses and lectures, vol 526 |
| 942 ## - ADDED ENTRY ELEMENTS (KOHA) | |
| Institution code [OBSOLETE] | CAE NUST |
| Call number prefix | 620.118 ABR |
| Withdrawn status | Lost status | Damaged status | Not for loan | Collection code | Permanent Location | Current Location | Date acquired | Total Checkouts | Full call number | Barcode | Date last seen | Price effective from | Koha item type |
|---|---|---|---|---|---|---|---|---|---|---|---|---|---|
| College of Aeronautical Engineering (CAE) | College of Aeronautical Engineering (CAE) | 04/03/2017 | 620.118 ABR | CAE88392 | 04/05/2017 | 04/05/2017 | Book |
